Dodatky 1 k Súpisu platných právnych predpisov pre knižnice a strediská VTEI
Guardado en:
| Autor principal: | |
|---|---|
| Formato: | Libro |
| Lenguaje: | eslovaco |
| Publicado: |
Bratislava
Slovenská technická knižnica
1990
|
| Edición: | 1. vyd. |
| Etiquetas: |
Sin Etiquetas, Sea el primero en etiquetar este registro!
|
MARC
| LEADER | 00000nam a2200000 4500 | ||
|---|---|---|---|
| 001 | c031069 | ||
| 005 | 20221215070421.6 | ||
| 041 | 0 | |a slo | |
| 044 | |a SK | ||
| 245 | 1 | 0 | |a Dodatky 1 k Súpisu platných právnych predpisov pre knižnice a strediská VTEI |c Blahoslav Španiel |
| 250 | |a 1. vyd. | ||
| 264 | 1 | |a Bratislava |b Slovenská technická knižnica |c 1990 | |
| 300 | |a 70 s. | ||
| 100 | 1 | |a Španiel, Blahoslav | |